UM Logo

Earth and environmental sciences/ (Record no. 5890)

MARC details
000 -LEADER
fixed length control field 00458nam a22001457a 4500
008 - FIXED-LENGTH DATA ELEMENTS--GENERAL INFORMATION
fixed length control field 161126b xxu||||| |||| 00| 0 eng d
020 ## - INTERNATIONAL STANDARD BOOK NUMBER
International Standard Book Number 978-1-63239-155-1
082 ## - DEWEY DECIMAL CLASSIFICATION NUMBER
Edition number 2015
Classification number DC 363.7
Item number Ea76
245 ## - TITLE STATEMENT
Title Earth and environmental sciences/
Statement of responsibility, etc. edited by John Wayne
260 ## - PUBLICATION, DISTRIBUTION, ETC. (IMPRINT)
Place of publication, distribution, etc. New York:
Name of publisher, distributor, etc. Callisto Reference,
Date of publication, distribution, etc. c2015.
300 ## - PHYSICAL DESCRIPTION
Extent vi, 260 pages :
Other physical details illustrations ;
Dimensions 23 cm.
650 #0 - SUBJECT ADDED ENTRY--TOPICAL TERM
9 (RLIN) 17853
Topical term or geographic name as entry element Environmental sciences
365 ## - TRADE PRICE
Price amount 6,210
Currency code Php
942 ## - ADDED ENTRY ELEMENTS (KOHA)
Source of classification or shelving scheme Dewey Decimal Classification
Koha item type Circulation
Holdings
Withdrawn status Lost status Source of classification or shelving scheme Damaged status Not for loan Collection code Home library Current library Date acquired Source of acquisition Cost, normal purchase price Total Checkouts Full call number Barcode Date last seen Date last checked out Copy number Price effective from Koha item type
    Dewey Decimal Classification     Circulation UM Digos College - LIC UM Digos College - LIC 10/27/2016 Purchased 6210.00 1 DC 363.7 Ea76 2015 24480 06/08/2021 11/15/2017 1 11/26/2016 Circulation